La enseñanza para la comprensión: guía para el docente
Đã lưu trong:
| Tác giả chính: | |
|---|---|
| Định dạng: | Sách |
| Ngôn ngữ: | Tiếng Tây Ban Nha |
| Được phát hành: |
Buenos Aires
Paidós
1998
|
| Phiên bản: | 1a. ed |
| Loạt: | Redes en Educación, 2
|
| Những chủ đề: | |
| Các nhãn: |
Thêm thẻ
Không có thẻ, Là người đầu tiên thẻ bản ghi này!
|
MARC
| LEADER | 00000nam a2200000 a 4500 | ||
|---|---|---|---|
| 001 | UCK2251 | ||
| 003 | CL-VaPUC | ||
| 008 | 041229e19980000AG |||||||||||||||||spa|d | ||
| 020 | |a 9501255026 | ||
| 082 | 0 | 4 | |a 371.102 |b BLY |2 21 |
| 100 | 0 | |a Blythe, Tina |e author |9 490055 | |
| 245 | 1 | 3 | |a La enseñanza para la comprensión: guía para el docente |
| 250 | |a 1a. ed | ||
| 300 | |a 163 p | ||
| 942 | |c BK | ||
| 945 | |d 20041229 00:00:00 |a vberengu | ||
| 260 | |a Buenos Aires |b Paidós |c 1998 | ||
| 650 | 0 | |a Enseñanza |9 256457 | |
| 650 | 0 | |a Comprensión |9 339377 | |
| 650 | 0 | |a Aprendizaje |9 254827 | |
| 650 | 0 | |a Docentes |9 311365 | |
| 583 | |a last modification |c 20160909 12:15:16 |k Rodrigo Vera | ||
| 490 | 0 | |a Redes en Educación, 2 | |
| 999 | |c 311840 |d 311838 | ||
| 952 | |0 0 |1 0 |4 0 |6 371_102000000000000_BLY_1998 |7 0 |8 A |9 381512 |a BIBEDU |b BIBEDU |d 2019-11-21 |i 4083954 |o 371.102 BLY 1998 |p 4083954 |r 2019-11-21 |w 2019-11-21 |y BK |k EDU | ||
| 952 | |0 0 |1 0 |4 0 |6 371_102000000000000_BLY_1998 |7 0 |8 A |9 381513 |a FDOPOS |b FDOPOS |d 2019-11-21 |i 4111737 |o 371.102 BLY 1998 |p 4111737 |r 2025-01-22 |w 2019-11-21 |y BK |k MLA | ||
| 952 | |0 0 |1 0 |4 0 |6 371_102000000000000_BLY_1998 |7 0 |8 A |9 381514 |a BIBEDU |b BIBEDU |d 2019-11-21 |i 4303660 |o 371.102 BLY 1998 |p 4303660 |r 2019-11-21 |w 2019-11-21 |y BK |k EBA | ||
| 952 | |0 0 |1 0 |4 0 |6 371_102000000000000_BLY_1998 |7 0 |8 A |9 381515 |a BIBEDU |b BIBEDU |d 2019-11-21 |i 4337255 |o 371.102 BLY 1998 |p 4337255 |r 2019-11-21 |w 2019-11-21 |y BK |k EDI | ||